| 000 | 00991nam a2200145 4500 | ||
|---|---|---|---|
| 999 |
_c113 _d113 |
||
| 020 | _a9788189729677 | ||
| 050 |
_aSF99 _b.G46 GHO |
||
| 100 | _a Ghosh, Bibek | ||
| 245 |
_aCrops residues and by-products in animal feeding _ceditor, Bibek Ghosh |
||
| 260 |
_aNew Delhi : _bGene-Tech Books, _c2007. |
||
| 300 |
_a276; _bills |
||
| 500 | _aINCLUDES BIBLIOGRAPHIC REFERENCE AND INDEX | ||
| 505 | _aCover -- Preface -- Contents -- Potentials of Crop Residues as Animal Feed13; -- Crop Residues and Agro-industrial By-products13; -- Nutritive Value of Crop Residues -- Upgradation of Crop Residues13; -- Ensiling Crop Residues -- Ammoniation of Crop Residues -- Utilisation of Crop Residues and Agro-Industrial By-products13; -- Safe Use of Plant and Animal By-Products13; -- Crop Residues as Feed Resources in Crop/Livestock Farming Systems13; -- Crop Residues and Agro-Industrial By-Products in Developing Countries13; -- Organic Crop Production -- Bibliography -- Inde | ||
| 942 | _cBK | ||